2012 hip hop and R&B artists - Statistics

General Stats
  • This quiz has been taken 764 times
  • The average score is 9 of 15
Answer Stats
Hint Answer % Correct
CREW LOVE DRAKE
84%
WATCH THE THRONE JAY-Z
81%
WATCH THE THRONE KANYE WEST
77%
STUPID HOE NICKI MINAJ
73%
DANCE ASS BIG SEAN
64%
JOHN LIL WAYNE
62%
FADED TYGA
60%
DON'T WAKE ME UP CHRIS BROWN
59%
BEST THING I NEVER HAD BEYONCE
54%
TALK THAT TALK RIHANNA
54%
LOTUS FLOWER BOMB WALE
52%
HUSTLIN REMIX RICK ROSS
49%
AMEN MEEK MILL
48%
DRANK IN MY CUP KIRKO BANGZ
40%
DO IT LIKE DIGGY SIMMONS
7%
No matching quizzes found
Score Distribution
Percent of People with Each Score
Percentile by Number Answered
Your Score History
You have not taken this quiz